000 00478nmm a2200169Ia 4500
008 251105s9999||||xx |||||||||||||||||und||
020 _a9788496582064
041 _aspa
100 _aAllen, Woody
245 0 _aMatch Point :
_b guión cinematográfico de Woody Allen
264 _a[Madrid, España] :
_bOcho y Medio,
_c2005
300 _a348 páginas
490 _aEspiral
650 _aFilm studies
856 _uhttps://public.digitaliapublishing.com/a/378
942 _cCF
999 _c89992
_d89992